000
00247nam a22001217a 4500
003
SGT
082
_a
823
_b
SHA
100
_a
SHAMSIE KOMILA
245
_a
BROKEN VERSES
260
_a
LONDON
_b
BLOOMSBURY
_c
2017
300
_a
337
942
_2
ddc
_c
BK
999
_c
33910
_d
33910